000 01088nam2a22002411 4500
001 rc\414418
005 20250621134526.0
035 _a(NLR Aleph) 005806274
090 _a5346259
_c5346258
100 _a20030616d1988 |||y0rusy50 ca
101 0 _arus
102 _aRU
105 _aa |||||||||
200 1 _aВолшебные сны Подлеморья
_aВечные люди и живая вода
_aТак рождались реки и горы
210 _d1988
_aБ. м.
215 _a286, [1] с.
_cцв. ил.
320 _aБиблиогр. в примеч.: с. 283-284
461 0 _1001rc\414417
_12001#$aБайкала-озера сказки$e[Сборник$eВ 2 кн.$fСост. Н.И. Есипенок]$gРис. Г.А.В. Траугот$v[Кн.] 1
_95346252
_cИркутск
_d1988-
_fСост. Н.И. Есипенок]
_nВост.-Сиб. кн. изд-во
_o[Сборник : В 2 кн.
_tБайкала-озера сказки
_y5-7424-0041-1
_v[Кн.] 1
801 0 _aRU
_bNLR
_gpsbo
801 1 _aRU
_bELAR
_2rusmarc
852 _aNLR
_j89-5/1309
942 _cBOOK
980 _aNB